00584nam a2200181Ia 450000500170000000800410001702000150005808200150007310000190008824501020010725000090020926000430021830000130026165000110027494200060028595200960029199900150038720240426005556.0240331s9999 xx 000 0 und d a9221032787 bWERa331.4 aWerneke, Diane 0aMicroelectronics and office jobs :bthe impact of the chip on women's employmentcDiane, Werneke. a1 st bInternational Labor Organizationc1983 a102 p ., aSocial cL 001040708LaWERCLbWERCLcSSCd2024-03-31l0o 331.4 WERp369r2024-03-31w2024-03-31yL c2727d2727